Dấu ấn văn hóa miền núi trong văn xuôi của Đỗ Bích Thủy

Văn xuôi Đỗ Bích Thủy - Những trang viết về núi rừng; Cảm quan về con người và văn hóa miền núi trong văn xuôi của Đỗ Bích Thủy; Phương thức thể hiện con người và văn hóa miền núi trong văn xuôi Đỗ Bích Thủy...

Guardat en:
Dades bibliogràfiques
Autor principal: Đinh Thị Thu Hoài
Altres autors: Lê Thị Hường T.S (Hướng dẫn)
Format: Llibre
Publicat: Đà Nẵng Đại học Đà Nẵng 2012
Matèries:
Etiquetes: Afegir etiqueta
Sense etiquetes, Sigues el primer a etiquetar aquest registre!
Thư viện lưu trữ: Mạng thư viện Đại học Đà Nẵng
LEADER 01736nam a2200325 4500
001 000017907
003 14333
005 20130828150844.0
008 130618s2012 sd
082 |a 895.92283408  |b ĐI-H 
100 |a Đinh Thị Thu Hoài 
245 |a Dấu ấn văn hóa miền núi trong văn xuôi của Đỗ Bích Thủy  |c Đinh Thị Thu Hoài ; Lê Thị Hường hướng dẫn.  |k Luận văn Thạc sĩ 
260 |a Đà Nẵng  |b Đại học Đà Nẵng  |c 2012 
300 |a 101 tr., phụ lục 3 tr.  |c 29 cm.  |e CD + tóm tắt 
500 |a Luận văn thạc sĩ Khoa học xã hội và nhân văn. Chuyên ngành : Văn học Việt Nam. Mã số: 60.22.34. 
520 |a Văn xuôi Đỗ Bích Thủy - Những trang viết về núi rừng; Cảm quan về con người và văn hóa miền núi trong văn xuôi của Đỗ Bích Thủy; Phương thức thể hiện con người và văn hóa miền núi trong văn xuôi Đỗ Bích Thủy... 
600 1 4 |a Đỗ Bích Thủy  |d 1976- 
650 0 4 |a Văn xuôi Việt Nam  |v Luận văn tốt nghiệp  |x Văn hóa miền núi 
653 |a Văn hóa miền núi  |a Văn học Việt Nam  |a Văn xuôi Việt Nam 
700 |a Lê Thị Hường  |c T.S  |e Hướng dẫn 
OWN |a LSP 
AVA |a UDN50  |b LSP  |d 895.92283408 ĐI-H  |e available  |t Error 5001 Not defined in file expand_doc_bib_avail.  |f 1  |g 0  |h N  |i 0  |k 1 
999 |a From the UDN01 
AVA |a UDN50  |b LSP  |d 895.92283408 ĐI-H  |e available  |t Error 5001 Not defined in file expand_doc_bib_avail.  |f 1  |g 0  |h N  |i 0  |k 1 
TYP |a Monograph 
TYP |a Printed language 
980 |a Mạng thư viện Đại học Đà Nẵng